Champions league final results - Statistics

General Stats
  • This quiz has been taken 157 times
  • The average score is 73 of 204
Answer Stats
Season Venue Winner % Correct
1955–56 Parc des Princes, Paris Real Madrid
83%
2022–23 Atatürk Olympic Stadium, Istanbul Manchester City
78%
1956–57 Santiago Bernabéu, Madrid Real Madrid
76%
1957–58 Heysel Stadium, Brussels Real Madrid
74%
1958–59 Neckarstadion, Stuttgart Real Madrid
74%
1959–60 Hampden Park, Glasgow Real Madrid
72%
2021–22 Stade de France, Saint-Denis Real Madrid
72%
2019–20 Estádio da Luz, Lisbon Bayern Munich
70%
2020–21 Estádio do Dragão, Porto Chelsea
70%
2014–15 Olympiastadion, Berlin Barcelona
68%
2018–19 Metropolitano Stadium, Madrid Liverpool
68%
2013–14 Estádio da Luz, Lisbon Real Madrid
68%
2015–16 San Siro, Milan Real Madrid
68%
2016–17 Millennium Stadium, Cardiff Real Madrid
68%
2017–18 NSC Olimpiyskiy Stadium, Kyiv Real Madrid
68%
2012–13 Wembley Stadium, London Bayern Munich
66%
2011–12 Allianz Arena, Munich Chelsea
66%
2010–11 Wembley Stadium, London Barcelona
64%
2007–08 Luzhniki Stadium, Moscow Manchester United
64%
1–0
63%
1–0
62%
1–0
62%
2–0
62%
2009–10 Santiago Bernabéu, Madrid Inter Milan
62%
2004–05 Atatürk Olympic Stadium, Istanbul Liverpool
62%
1–0
61%
3–1
61%
2008–09 Stadio Olimpico, Rome Barcelona
61%
2003–04 Arena AufSchalke, Gelsenkirchen Porto
61%
3–1
59%
2005–06 Stade de France, Saint-Denis Barcelona
59%
2006–07 Olympic Stadium, Athens Milan
59%
4–1
58%
4–1 (a.e.t.)
57%
2001–02 Hampden Park, Glasgow Real Madrid
57%
1999–2000 Stade de France, Saint-Denis Real Madrid
55%
2–1
54%
1–1 ( 5–3)
53%
2–0
53%
2–0
53%
3–3 (2-3 )
53%
2000–01 San Siro, Milan Bayern Munich
53%
1960–61 Wankdorf Stadium, Bern Benfica
53%
Inter Milan
53%
2002–03 Old Trafford, Manchester Milan
53%
1–1 ()
51%
3–1
51%
1961–62 Olympisch Stadion, Amsterdam Benfica
51%
1–1 (6-5 )
50%
2–1
50%
2–1
50%
Atlético Madrid
50%
1998–99 Camp Nou, Barcelona Manchester United
50%
Paris Saint-Germain
50%
Atlético Madrid
49%
Juventus
49%
Liverpool
49%
Liverpool
49%
Manchester City
49%
Milan
49%
Tottenham Hotspur
49%
3–0
47%
Juventus
47%
Manchester United
47%
Bayern Munich
46%
1996–97 Olympiastadion, Munich Borussia Dortmund
46%
Borussia Dortmund
46%
Manchester United
46%
1997–98 Amsterdam Arena, Amsterdam Real Madrid
46%
0–0 ( 3–2)
43%
2–1
43%
Bayern Munich
43%
1965–66 Heysel Stadium, Brussels Real Madrid
43%
1991–92 Wembley Stadium, London Barcelona
42%
Chelsea
42%
1964–65 San Siro, Milan Inter Milan
42%
Liverpool
42%
2–1
41%
1963–64 Praterstadion, Vienna Inter Milan
41%
1995–96 Stadio Olimpico, Rome Juventus
41%
1962–63 Wembley Stadium, London Milan
41%
Arsenal
39%
1966–67 Estádio Nacional, Lisbon Celtic
39%
1994–95 Ernst-Happel-Stadion, Vienna Ajax
38%
Bayer Leverkusen
38%
1992–93 Olympiastadion, Munich Marseille
38%
1993–94 Olympic Stadium, Athens Milan
38%
Monaco
38%
1–1 ( 5–4.)
37%
1978–79 Olympiastadion, Munich Nottingham Forest
37%
1979–80 Santiago Bernabéu, Madrid Nottingham Forest
37%
1990–91 Stadio San Nicola, Bari Red Star
37%
3–0
34%
1971–72 De Kuip, Rotterdam Ajax
34%
1972–73 Red Star Stadium, Belgrade Ajax
34%
1981–82 De Kuip, Rotterdam Aston Villa
34%
Bayern Munich
34%
1984–85 Heysel Stadium, Brussels Juventus
34%
Juventus
34%
1967–68 Wembley Stadium, London Manchester United
34%
1–0
33%
1970–71 Wembley Stadium, London Ajax
33%
1976–77 Stadio Olimpico, Rome Liverpool
33%
1977–78 Wembley Stadium, London Liverpool
33%
1983–84 Stadio Olimpico, Rome Liverpool
33%
1989–90 Praterstadion, Vienna Milan
33%
Valencia
33%
Valencia
33%
1–0 (a.e.t.)
32%
1973–74 Heysel Stadium, Brussels, Bayern Munich
32%
1974–75 Parc des Princes, Paris Bayern Munich
32%
1975–76 Hampden Park, Glasgow Bayern Munich
32%
1980–81 Parc des Princes, Paris Liverpool
32%
1988–89 Camp Nou, Barcelona Milan
32%
1–0
30%
3–1
30%
1969–70 San Siro, Milan Feyenoord
30%
1968–69 Santiago Bernabéu, Madrid Milan
30%
1987–88 Neckarstadion, Stuttgart PSV Eindhoven
30%
Reims
30%
4–0
28%
Juventus
28%
1–0
26%
Barcelona
26%
Fiorentina
26%
1986–87 Praterstadion, Vienna Porto
26%
1985–86 Ramón Sánchez Pizjuán, Seville Steaua București
26%
1–1 ( 4–2)
25%
Juventus
25%
Ajax
24%
Milan
24%
0–0 ( 5–3)
22%
4–3
22%
Reims
22%
Sampdoria
22%
1–0
21%
1–0
21%
7–3
21%
Eintracht Frankfurt
21%
Milan
21%
1–0
20%
1–0
20%
1–0
20%
Milan
20%
Real Madrid
20%
0–0 ( 2–0)
18%
1–0
18%
1–0
18%
2–0
18%
2–0
18%
2–1
18%
4–0
18%
Barcelona
18%
1982–83 Olympic Stadium, Athens Hamburger SV
18%
Marseille
18%
1–0
17%
1–0
17%
2–0
17%
2–1
17%
3–1
17%
3–1
17%
Real Madrid
17%
Roma
17%
0–0 (6–5)
16%
1–0
16%
2–0
16%
2–0
16%
2–1
16%
3–2 (a.e.t.)
16%
5–3
16%
Atlético Madrid
16%
Inter Milan
16%
Real Madrid
16%
1–0
14%
2–1
14%
2–1 (a.e.t.)
14%
3–2
14%
4–1 (a.e.t.)
14%
5–1(replay)
14%
Benfica
14%
Benfica
14%
Benfica
14%
4–1
13%
Ajax
13%
Barcelona
13%
Bayern Munich
13%
Benfica
13%
Benfica
13%
Liverpool
13%
Malmö FF
13%
Steaua București
13%
Bayern Munich
12%
Inter Milan
12%
Partizan
12%
Saint-Étienne
12%
Borussia Mönchengladbach
11%
Club Brugge
11%
Juventus
11%
Leeds United
11%
Juventus
9%
Panathinaikos
9%
Celtic
8%
Hamburger SV
8%
1–1 ( 4–2)
4%
No matching quizzes found
Score Distribution
Percent of People with Each Score
Percentile by Number Answered
Your Score History
You have not taken this quiz